| 000 | 00000nam 2200000zi 4500 |
| 001 | 9.956092 |
| 003 | CaOODSP |
| 005 | 20251010115614 |
| 006 | m o d f |
| 007 | cr mn||||||||| |
| 008 | 251008e20240205onc ob f000 0 eng d |
| 040 | |aCaOODSP|beng|erda|cCaOODSP |
| 043 | |an-cn---|an-cn-qu |
| 086 | 1 |aYM32-10/2011-89-2024E-PDF |
| 100 | 1 |aMcCallum, Martin, |eauthor. |
| 245 | 10|aImmigration : |bthe Canada-Quebec Accord / |crevised by Martin McCallum. |
| 250 | |a[Revised 5 February 2024]. |
| 264 | 1|a[Ottawa] : |bLibrary of Parliament = Bibliothèque du Parlement, |c5 February 2024. |
| 264 | 4|c©2024 |
| 300 | |a1 online resource (ii, 7 pages). |
| 336 | |atext|btxt|2rdacontent |
| 337 | |acomputer|bc|2rdamedia |
| 338 | |aonline resource|bcr|2rdacarrier |
| 490 | 1 |aHillStudies : in-depth reads on Canadian topics ; |vpublication no. 2011-89-E |
| 500 | |aCover title. |
| 500 | |aIssued also in French under title: Immigration : l'Accord Canada-Québec. |
| 500 | |a"[P]repared by Research and Education, ..."--About this publication. |
| 504 | |aIncludes bibliographical references (pages 6-7). |
| 520 | |a"Compared to later federal-provincial agreements, the Canada-Quebec Accord is also the most extensive. Under this Accord, for instance, Quebec has exclusive responsibility for selecting economic immigrants destined for that province - and for the criteria by which they are selected - rather than simply assessing and nominating some of them to address specific labour market and economic needs. Quebec, uniquely, sets the number of economic immigrants it will receive, rather than consulting with the federal government. It is also the only province that has selection authority over resettled refugees, while Canada identifies the pool of refugees for possible resettlement. This paper provides an overview of the Accord. It outlines the Accord's objectives and constitutional background, and it surveys the agreements made under the Accord about immigration levels, family reunification, refugees, visitors, the reception and integration of immigrants, and the ongoing administration of the Accord"--Executive summary, page ii. |
| 630 | 00|aCanada-Quebec Accord relating to Immigration and Temporary Admission of Aliens |d(1991) |
| 650 | 5|aInterprovincial relations|zCanada. |
| 651 | 0|aCanada|xEmigration and immigration|xGovernment policy. |
| 651 | 0|aQuébec (Province)|xEmigration and immigration|xGovernment policy. |
| 710 | 1 |aCanada. |bLibrary of Parliament. |bResearch and Education, |eissuing body. |
| 775 | 08|tImmigration : |w(CaOODSP)9.956098 |
| 795 | |tImmigration |b[Revised 24 July 2015]|w(CaOODSP)9.818149 |
| 830 | #0|aHillStudies (Canada. Library of Parliament)|vno. 2011-89-E.|w(CaOODSP)9.955653 |
| 856 | 40|qPDF|s488 KB|uhttps://publications.gc.ca/collections/collection_2025/bdp-lop/ym32-10/YM32-10-2011-89-2024-eng.pdf |
| 856 | 4 |qHTML|sN/A|uhttps://lop.parl.ca/sites/PublicWebsite/default/en_CA/ResearchPublications/201189E |